000 00550nam a2200181Ia 4500
008 100921s9999 xx 000 0 und d
082 _b23645
_a820 थ 37
100 _aCole G.D.H.
245 _aPractical Economics.
260 _bपेंग्वीन बुक्स,ग्रेट ब्रिटन.
_c1937
300 _a256
_b---
365 _b0
520 _aललित इंग्रजी.
630 _aPractical Economics.
650 _aललित इंग्रजी.
730 _aPractical Economics.
942 _cBOOK
999 _c772758
_d772755